000 00545nam a2200181 4500
001 117981
003 ES-MaACL
005 20230906191016.0
007 t|
008 070214s1980 sp r ||||1| spa d
245 0 0 _aPara que la Universidad no muera /
_cPierre Aubenque [et al.] ; presentación de Julio R. Villanueva.
260 _aMadrid :
_bRialp,
_c1980.
300 _a291 p. ;
_c19 cm.
700 1 _aAubenque, Pierre.
_923787
700 1 _aVillanueva, Julio R.
_9181288
852 _aES-MaACL
_jC-24372
_bR.100602
999 _c117981
_d117981